000 00344nam a2200133 i 4500
001 bg
100 1 _aVINOGRADOV, Ju. V.
245 0 _aFundamentos de la Electronica y Tecnica de Semiconductores /
_cJu.V. Vinogradov.
260 _aMoskva,
_c1974.
040 _cBPK
041 _apol
942 _cKS
008 s pl f |000 0 pol
999 _c26501
_d26501
856 _uhttp://koha.tu.koszalin.pl/cgi-bin/koha/opac-detail.pl?biblionumber=26501
_yKatalog online BPK